<?xml version="1.0" encoding="UTF-8"?>
<record
    xmlns:xsi="http://www.w3.org/2001/XMLSchema-instance"
    xsi:schemaLocation="http://www.loc.gov/MARC21/slim http://www.loc.gov/standards/marcxml/schema/MARC21slim.xsd"
    xmlns="http://www.loc.gov/MARC21/slim">

  <leader>01161nam a22002295i 4500</leader>
  <controlfield tag="001">164252</controlfield>
  <controlfield tag="003">ES-MaACL</controlfield>
  <controlfield tag="005">20230906212912.0</controlfield>
  <controlfield tag="008">000107s1895    phlf         |||| | spa d</controlfield>
  <datafield tag="080" ind1=" " ind2=" ">
    <subfield code="a">550.348(599)</subfield>
  </datafield>
  <datafield tag="100" ind1="1" ind2=" ">
    <subfield code="a">Saderra Maso, Miguel.</subfield>
    <subfield code="9">132264</subfield>
  </datafield>
  <datafield tag="245" ind1="1" ind2="3">
    <subfield code="a">La seismolog&#xED;a en Filipinas : </subfield>
    <subfield code="b">datos para el estudio de terremotos del archipi&#xE9;lago filipino / </subfield>
    <subfield code="c">reunidos y ordenados por el P. Miguel Saderra Mas&#xF3;.</subfield>
  </datafield>
  <datafield tag="260" ind1=" " ind2=" ">
    <subfield code="a">Manila : </subfield>
    <subfield code="b">[s.n.], </subfield>
    <subfield code="c">1895 (</subfield>
    <subfield code="f">Estab. Tipo-litogr&#xE1;fico de Ram&#xED;rez y Compa&#xF1;&#xED;a)</subfield>
  </datafield>
  <datafield tag="300" ind1=" " ind2=" ">
    <subfield code="a">[2], 122 p., [1] h. de mapa, XLI h. de mapas, XL h. de l&#xE1;m., [2] h. pleg. de l&#xE1;m. ; </subfield>
    <subfield code="c">32 cm.</subfield>
  </datafield>
  <datafield tag="530" ind1=" " ind2=" ">
    <subfield code="a">Disponible en formato digital.</subfield>
  </datafield>
  <datafield tag="594" ind1=" " ind2=" ">
    <subfield code="a">Precede al t&#xED;t.: Observatorio de Manila, dirigido por los padres de la Compa&#xF1;&#xED;a de Jes&#xFA;s.</subfield>
  </datafield>
  <datafield tag="650" ind1=" " ind2="4">
    <subfield code="a">Terremotos-</subfield>
    <subfield code="z">Filipinas.</subfield>
    <subfield code="9">155970</subfield>
  </datafield>
  <datafield tag="650" ind1=" " ind2="4">
    <subfield code="a">Sismolog&#xED;a-</subfield>
    <subfield code="z">Filipinas.</subfield>
    <subfield code="9">136883</subfield>
  </datafield>
  <datafield tag="710" ind1="2" ind2=" ">
    <subfield code="a">Observatorio de Manila.</subfield>
    <subfield code="9">6008</subfield>
  </datafield>
  <datafield tag="852" ind1="4" ind2=" ">
    <subfield code="a">ES-MaACL</subfield>
    <subfield code="j">T-771-F-4  </subfield>
    <subfield code="z">- Enc. hol., conservando cub. original  </subfield>
    <subfield code="z">- Enc. en un vol. facticio  </subfield>
    <subfield code="z">- Donativo de Moret</subfield>
  </datafield>
  <datafield tag="856" ind1="4" ind2=" ">
    <subfield code="u">http://bdh-rd.bne.es/viewer.vm?id=0000252596&amp;page=1 </subfield>
    <subfield code="z">Biblioteca Digital Hisp&#xE1;nica</subfield>
  </datafield>
  <datafield tag="999" ind1=" " ind2=" ">
    <subfield code="c">164252</subfield>
    <subfield code="d">164252</subfield>
  </datafield>
  <datafield tag="952" ind1=" " ind2=" ">
    <subfield code="0">0</subfield>
    <subfield code="1">0</subfield>
    <subfield code="4">0</subfield>
    <subfield code="7">0</subfield>
    <subfield code="8">Colecci&#xF3;n_de_folletos</subfield>
    <subfield code="a">ATENEOM</subfield>
    <subfield code="b">ATENEOM</subfield>
    <subfield code="c">DEPOF</subfield>
    <subfield code="d">2008-01-17</subfield>
    <subfield code="l">0</subfield>
    <subfield code="o">T-771-F-4</subfield>
    <subfield code="p">1172154</subfield>
    <subfield code="r">2023-02-23 00:00:00</subfield>
    <subfield code="w">2023-02-23</subfield>
    <subfield code="y">FOLLETOS</subfield>
  </datafield>
</record>
